000
00329nam a22001457a 4500
008
221010b ||||| |||| 00| 0 eng d
020
_a
013128603X
041
_a
eng
080
_a
721
082
_a
721 BAL
100
_a
20.2
101
_a
NDER
245
_a
CHEMICAL ENGINEERING THERMODYNAMICS
_c
BALZHISER
942
_2
udc
_c
BK
999
_c
58453
_d
58453